[Event "12th European club championship, final"]
[Site "Budapest"]
[Date "1996.11.21"]
[Round "1"]
[White "Khenkin, Igor"]
[Black "Ahn, Martin"]
[Result "1-0"]
[WhiteElo "2575"]
[BlackElo "2320"]
[WhiteTitle "GM"]
[WhiteTeam "Elitzur Petah-Tikva"]
[BlackTeam "KSK Rochade Eupen-Kelmis"]
[Board "4"]
[Source "OlimpBase"]
[EventDate "1996.11.21"]
[PlyCount "99"]

1.d4 Nf6 2.c4 g6 3.Nc3 Bg7 4.e4 d6 5.f3 O-O 6.Nge2 e5 
7.Bg5 exd4 8.Nxd4 Nc6 9.Nc2 h6 10.Be3 Nh7 11.Qd2 f5 12.O-O-O g5 13.h4 f4 14.Bf2 Qf6 15.hxg5 Nxg5
16.Nd4 Be6 17.Nd5 Bxd5 18.cxd5 Nxd4 19.Bxd4 Qxd4 20.Qxd4 Bxd4 21.Rxd4 Kg7 22.Bb5 Rf7 
23.Kd2 Rh8 24.Rh4  Kf8 25.Ra4 a6 26.Be2 Kg7 27.Rb4 b5 28.a4 bxa4 29.Rxa4 Rb8 30.Kc3 Nh7 31.
Rg4+ Kf8 32.Rxa6 Nf6 33.Rh4 Kg7 34.Ra7 Kg6 35.Bd3 Kg5 36.Rh1 h5 37.b4 
h4 38.b5 Rc8 39.Rc1 Nd7 40.Bf1 Rg7 41.Kd4 Nc5 42.Rc3 Kh6 43.e5 Re8 44.e6 
Ree7 45.Ra8 Kh7 46.Rf8 Rxe6 47.Bd3+ Nxd3 48.dxe6 Ne5 49.Rxf4 Rxg2 50.e7 
1-0

[Event "12th European club championship, final"]
[Site "Budapest"]
[Date "1996.11.23"]
[Round "3"]
[White "Tseitlin, Mark"]
[Black "Chuchelov, Vladimir"]
[Result "0-1"]
[WhiteElo "2540"]
[BlackElo "2490"]
[WhiteTitle "IM"]
[BlackTitle "GM"]
[WhiteTeam "Beer-Sheva Ches Club"]
[BlackTeam "KSK Rochade Eupen-Kelmis"]
[Board "3"]
[Source "OlimpBase"]
[EventDate "1996.11.21"]
[PlyCount "60"]

1.e4 c5 2.c3 d5 3.exd5 Qxd5 4.d4 e6 5.Nf3 Nf6 6.Be3 cxd4 7.cxd4 Nc6 8.Nc3 
Qd6 9.a3 Be7 10.Bd3 O-O 11.O-O b6 12.Qe2 Bb7 13.Rad1 Rfd8 14.Bb1 Rac8 
15.Bg5 h6 16.Bh4 Qf4 17.d5 exd5 18.Bxf6 Bxf6 19.Nxd5 Rxd5 20.Rxd5 Nd4 21.Rxd4 Bxd4 22.Qd3 Bxb2 23.Re1 
g6 24.Ba2 Bxf3 25.gxf3 Kg7 26.Re4 Qg5+ 27.Rg4 Qf6 28.Qe4 h5 29.Rg3 Be5 30.f4 Bxf4 0-1

[Event "12th European club championship, final"]
[Site "Budapest"]
[Date "1996.11.24"]
[Round "4"]
[White "Ahn, Martin"]
[Black "Zagorskis, Darius"]
[Result "1/2-1/2"]
[WhiteElo "2320"]
[BlackElo "2520"]
[BlackTitle "IM"]
[WhiteTeam "KSK Rochade Eupen-Kelmis"]
[BlackTeam "Kaise Vilnius"]
[Board "4"]
[Source "OlimpBase"]
[EventDate "1996.11.21"]
[PlyCount "43"]

1.e4 c5 2.Nf3 d6 3.d4 cxd4 4.Nxd4 Nf6 5.Nc3 a6 6.f4 e5 7.Nf3 Nbd7 8.a4 Be7
9.Bd3 O-O 10.O-O exf4 11.Bxf4 Qb6+ 12.Kh1 Qxb2 13.Qe1 Qb6 14.Qh4 Qc5 15.e5 dxe5 16.Bd2 Re8 
17.Ng5 h6 18.Nxf7 Kxf7 19.Bc4+ Kg6 20.Bd3+ Kf7 21.Bc4+ Kg6 22.Bd3+ 1/2-1/2